Lyrics from the Hercules song Zero to Hero - Statistics

General Stats
  • This quiz has been taken 232 times
  • The average score is 172 of 269
Answer Stats
Answer % Correct
He
99%
he
99%
a
97%
A
97%
zero
96%
zero.
96%
Zero
96%
hero.
95%
hero
95%
hero!
95%
Herc
94%
on
91%
On
91%
the
88%
was
88%
no
86%
to
86%
an
83%
in
82%
and
81%
every
81%
he's
81%
He's
81%
roll.
81%
my
80%
Now
78%
When
75%
Bless
73%
his
73%
soul
73%
that.
73%
vase.
72%
vase!
72%
Just
71%
just
71%
What
71%
Who
71%
face
69%
like
68%
girls
66%
of
66%
our
66%
Our
66%
Hercules!
65%
Hercules,
65%
Hercules.
65%
with
64%
time
63%
you
63%
went
62%
wild
62%
no-one.
61%
From
60%
had
60%
Is
60%
is
60%
could
58%
flat.
58%
Greek
58%
smiled
58%
slapped
57%
they
57%
glad
56%
him
56%
gladiator?
55%
opinion
55%
put
55%
show.
55%
undefeated
55%
Undefeated.
55%
burn.
54%
week
54%
at
53%
cash
53%
poll.
53%
stop
53%
There
53%
for
52%
oohs
52%
Person
52%
pro!
52%
Sweet
52%
sweet?
52%
aahs
51%
royalties
51%
down
50%
goes
50%
monster
50%
Say
50%
ten
50%
ten.
50%
again.
48%
amen!
48%
tell
47%
you're
47%
talking
46%
act
45%
SRO.
45%
up
45%
Point
43%
Oh
42%
fees
41%
pecs.
41%
watch
41%
awesome
40%
famous.
40%
favorite
40%
flavor!
40%
kid
40%
hunk.
37%
pat.
37%
pretty
37%
flex
35%
Folks
35%
Grecian
35%
guy!
35%
honcho.
35%
Not
35%
pair
35%
Yes
35%
great
34%
appearance
32%
lined
32%
thunk?
32%
were
32%
who'd
32%
urn.
31%
deeds
30%
have
30%
indeed!
30%
nicest
30%
perfect
30%
Whose
30%
major
29%
yeah.
29%
what's
28%
comes
27%
conquers.
27%
going
27%
package
27%
packed
27%
riche
27%
sees
27%
are
26%
crowds
26%
bonkers.
25%
daring
24%
bold?
23%
Honey
23%
theatre?
23%
nouveau
22%
Hercie
21%
high
21%
braver.
20%
conceited.
20%
Nobody
19%
speed.
18%
breakneck
14%
nothing.
14%
brains
12%
moxie
12%
Riding
12%
showed
12%
spunk.
12%
hit
9%
heights
7%
No matching quizzes found
Score Distribution
Percent of People with Each Score
Percentile by Number Answered
Your Score History
You have not taken this quiz